00581 2200229 4500001002100000005001500021035002000036007000300056008004100059020002200100020002200122082001100144084001700155100000800172245003200180250001100212260004700223300003000270650001900300990001600319990001600335INLIS00000000000101720210930073639 a0010-0721000055ta210930 g 0 ind  a978-602-04-9084-7 a978-602-04-9075-5 a297.07 a297.07 A.K a0 aA.K1 aAllah Sedekat Nadimu /cA.K acet. 1 aJakarta :bPT Elex Media Komputindo,c2019 a164 hlm. ;c15 cm X 17 cm aMotivasi Islam a00000011134 a00000011134